| 000 | 01020nam a22002895a 4500 | ||
|---|---|---|---|
| 008 | 110706s2001 njua|||frb||| 001 0 eng d | ||
| 010 | _a 99051427 | ||
| 020 | _a0130212717 | ||
| 020 | _a9780130212719 | ||
| 040 |
_aEG-ScBUE _beng _cEG-ScBUE |
||
| 082 | 0 | 4 |
_a658.5752 _bOTT _222 |
| 100 | 1 |
_aOtto, Kevin N. _926217 |
|
| 245 | 1 | 0 |
_aProduct Design : _bTechniques in Reverse Engineering and New Product Development / _cKevin N. Otto, Kristen L. Wood. |
| 260 |
_aUpper Saddle River, NJ : _bPrentice Hall, 2001 _cc. 2001. |
||
| 300 |
_axxi, 1064 p. : _bill. ; _c24 cm. |
||
| 500 | _aAppendix : p. 1011-1049. | ||
| 500 | _aIndex : p. 1051-1065. | ||
| 504 | _aIncludes bibliographical references and index. | ||
| 590 | _aMenna ELemam | ||
| 650 | 0 |
_aDesign, Industrial. _926218 _2BUEsh |
|
| 650 | 0 |
_aNew products. _926219 _2BUEsh |
|
| 650 | 0 |
_aProduct management. _926220 _2BUEsh |
|
| 651 | _2BUEsh | ||
| 653 |
_bENGGEN _cAugust2015 |
||
| 700 | 1 |
_aWood, Kristin L. _926221 |
|
| 942 |
_cBB _k658.5752 OTT _2ddc |
||
| 999 |
_c8901 _d8901 |
||